000 00878nmm a2200289 a 4500
003 AR-BaBNM
005 20251128203949.0
008 011101s1994 ||||||||||||||000 | spa||
020 _a950-507-196-5
040 _cAR-BaBNM
100 1 _aLabaké, Julio César
245 1 0 _aEl problema actual de la educación
_bhacia una pedagogía del encuentro
250 _a3ª ed.
260 _aBuenos Aires
_bBonum
_c1994
300 0 _a216 p.
500 0 _aIndice de citas p. 209-212
500 0 _aIndice bibliográfico p. 213-216
500 0 _aEnsayo sobre el fenómeno ducativo del que surge la propuesta de una "pedagogía del encuentro"
650 4 _aCRISIS DE LA EDUCACION
650 4 _aPROCESO DE APRENDIZAJE
650 4 _aCAMBIO SOCIAL
650 4 _aDESARROLLO CULTURAL
650 4 _aVALORES MORALES
650 4 _aAUTORITARISMO
942 _cBK
998 _cCarmen
999 _c5636
_d5636